00297nam a2200121Ia 4500008004100000100003500041245002100076260003200097300000800129650001400137942000700151999001700158190216s9999||||xx |||||||||||||| ||und|| aVallathol Narayanamenon  0aMagdalena Mariam bPoorna Pubs Kozhikodec1990 a79p aKavithkal cBK c26833d26833